Electoral behavior (Record no. 6336)
[ view plain ]
| 000 -LEADER | |
|---|---|
| fixed length control field | 00612nam a2200169Ia 4500 |
| 020 ## - INTERNATIONAL STANDARD BOOK NUMBER | |
| ISBN | 9781412947527 |
| 082 ## - DEWEY DECIMAL CLASSIFICATION NUMBER | |
| Classification number | RR 324.9 ELE- |
| 245 #0 - TITLE STATEMENT | |
| Title | Electoral behavior |
| 260 ## - PUBLICATION, DISTRIBUTION, ETC. (IMPRINT) | |
| Place of publication | Los Angeles |
| Name of publisher | Sage Publications |
| Year of publication | 2008 |
| 440 ## - SERIES STATEMENT/ADDED ENTRY--TITLE | |
| Title | Sage library of political science |
| 500 ## - GENERAL NOTE | |
| General note | contents: 4 Vols. Vol.1 (Social-political models), (xvi, 424p.) - v.2 (Cognition and the voter calculus), (310p.) - v.3 (Forecasting and electoral context), (vi, 413p.) - v.4 (Debates and methodology), (413p.) |
| 650 ## - SUBJECT ADDED ENTRY--TOPICAL TERM | |
| Topical Term | Elections |
| 650 ## - SUBJECT ADDED ENTRY--TOPICAL TERM | |
| Topical Term | Voting |
| 700 ## - ADDED ENTRY--PERSONAL NAME | |
| Personal name | Arzheimer, Kai |
| 700 ## - ADDED ENTRY--PERSONAL NAME | |
| Personal name | Evans, Jocelyn |
| 942 ## - ADDED ENTRY ELEMENTS (KOHA) | |
| Koha item type | Books |
| Source of classification or shelving scheme | Dewey Decimal Classification |
| Withdrawn status | Lost status | Damaged status | Not for loan | Home library | Current library | Date acquired | Source of acquisition | Serial Enumeration / chronology | Bill Date | Full call number | Accession Number | Price effective from | Koha item type |
|---|---|---|---|---|---|---|---|---|---|---|---|---|---|
| NASSDOC Library | NASSDOC Library | 30/01/2009 | SEGM | V.1 | 2009-01-01 | RR 324.9 ELE- | 44889 | 18/04/2019 | Books | ||||
| NASSDOC Library | NASSDOC Library | 30/01/2009 | SEGM | V.2 | 2009-01-01 | RR 324.9 ELE- | 44890 | 18/04/2019 | Books | ||||
| NASSDOC Library | NASSDOC Library | 30/01/2009 | SEGM | V.3 | 2009-01-01 | RR 324.9 ELE- | 44891 | 18/04/2019 | Books | ||||
| NASSDOC Library | NASSDOC Library | 30/01/2009 | SEGM | V.4 | 2009-01-01 | RR 324.9 ELE- | 44892 | 18/04/2019 | Books |
